00603nam a22001817a 450000500170000001000260001702000260004303500410006903700160011003700150012608200150014110000200015624500980017626000380027427000620031230000270037450000200040120180503141421.0 a1718EN-30 ENG-122869 a9788178244556c595.00 a B-682961-962 ENG-122867/ EN-106401 bAakar adpl bDBAD/PUB.  a791.430959 aVasudevan, Ravi aThe melodramatic public: cby Ravi Vasudevanbfilm form and spectatorship in Indian cinema /  aRanikhet bPermanent Black c2015 aHimalayana, Mall Road, Ranikhet Cantt. bRanikhete263645v axviii,457p.c21cm(pbk) aIncludes index